Sestřelen nad Pacifikem : příběh poručíka Gorgona [i.e. Gordona] Manuela /

Hlavní autor: Reynolds, Quentin James, 1902-1965
Další autoři: Polanský, Karel
Jazyk: Čeština
Vydáno: Praha : Toužimský & Moravec, 2010
Vydání: 2. vyd., V nakl. T&M 1.
Edice: Hrdinové vzdušných bitev
Témata:
Externí odkaz: Digitalizovaný dokument
Fyzický popis: 147 s., [3] s. obr. příl. : il., portréty ; 22 cm
Knihy
Uloženo v:
LEADER 01629nam a2200421 a 4500
001 nkc20102097983
003 CZ PrNK
005 20100901150742.0
007 ta
008 100514s2010 xr acf g 000 j cze
015 |a cnb002097983 
020 |a 978-80-7264-109-3  |q (váz.) 
035 |a (OCoLC)641522687 
040 |a ABA001  |b cze 
041 1 |a cze  |h eng 
072 7 |a 821.111(73)-3  |x Americká próza  |2 Konspekt  |9 25 
080 |a 821.111(73)-32  |2 MRF 
080 |a (0:82-321.6)  |2 MRF 
100 1 |a Reynolds, Quentin James,  |d 1902-1965  |7 xx0057183  |4 aut 
245 1 0 |a Sestřelen nad Pacifikem :  |b příběh poručíka Gorgona [i.e. Gordona] Manuela /  |c Quentin Reynolds ; [z anglického originálu ... přeložil Karel Polanský] 
250 |a 2. vyd., V nakl. T&M 1. 
260 |a Praha :  |b Toužimský & Moravec,  |c 2010 
300 |a 147 s., [3] s. obr. příl. :  |b il., portréty ;  |c 22 cm 
490 1 |a Hrdinové vzdušných bitev ;  |v 83 
655 7 |a americké příběhy  |7 fd131795  |2 czenas 
655 7 |a válečné příběhy  |7 fd133244  |2 czenas 
655 9 |a American stories  |2 eczenas 
655 9 |a war stories  |2 eczenas 
700 1 |a Polanský, Karel  |7 xx0106287  |4 trl 
765 0 |t 70 000 to one  |9 Česky 
830 0 |a Hrdinové vzdušných bitev  |0 s 
856 4 1 |u http://www.digitalniknihovna.cz/mzk/uuid/uuid:46667cc0-6545-11e7-aab4-005056827e52  |y Digitalizovaný dokument  |x NDK 
910 2 |a BOA001  |b 2-1248.265 
928 9 |a Toužimský a Moravec 
990 |a BK 
995 |a 01 
991 |b 201009  |c NOV  |e n 
996 6 |b 2610446834  |c 2-1248.265  |l MZK  |r Sklad / do 1 hodiny  |n 0  |p p.v.  |w 001139740  |u 000010  |a 1  |e BOA001  |j MZK50  |s P